| 000 | 00472nam a2200181Ia 4500 | ||
|---|---|---|---|
| 008 | 230524s9999 xx 000 0 und d | ||
| 020 | _a8176565636 | ||
| 082 |
_a4 _bHAU |
||
| 100 |
_aCheryl Hauser _917392 |
||
| 245 | 0 | _aWindows XP Professional Complete | |
| 250 | _a1ST | ||
| 260 |
_aNEW DELHI _bBPB _c2005 |
||
| 300 | _a1050 | ||
| 500 | _aQuantity Number: 1 | ||
| 650 | _aComp-Sc | ||
| 700 |
_a"Dennis Fitzgerald , Nila Nichols (Editors),,," _917393 |
||
| 942 | _cBK | ||
| 999 |
_c26245 _d26245 |
||